MDQL
is popping MORE tags! Check the
thread
!
Quizzes
Events
Quiz Creation
Community
Videos
Private Events
Remove Ads
Sign In
Join for FREE
Feedback
Dark Mode
Quiz Categories
Sports
Geography
Music
Movies
Television
Just For Fun
Miscellaneous
History
Literature
Language
Science
Gaming
Entertainment
Religion
Holiday
For Kids
Quiz Lab
Recent
Popular Today
Quiz Kudos Today
Editor Picks
Curator Picks
Quizzes by...
Day
Popularity
Type
Ratings
Length
Year
Community
Subscriptions
Recent Discussions
Orange Saloon
Badges
Playlists
Quests
Create
Leaderboards
Showdown
Live 5
Trivia Bingo
Activity
Puzzle Library
Sporcle Events
Private Events
Virtual Trivia
Globe League
Become a Host
Pub Owners
SporcleCon
Opinionation
Our Games
Videos
Blog
Mobile Apps
Partnerships
Remove Ads and Go Orange
Feedback
Gaming
Video Games
Board Games
Card Games
Pokémon
Mario
Nintendo
Minecraft
Console
Toys
Legend of Zelda
Gaming
Video Games
Board Games
Card Games
Pokémon
Mario
Nintendo
Minecraft
Console
Toys
Legend of Zelda
Random Quiz
Search Sporcle
×
Quiz Lab
Quiz Lab
Gaming
Football
Select answers by clicking on text or image buttons
Select answers by clicking on text or image buttons
Clickable
Best Score? Go Orange.
Madden NFL Chain game Stats
Can you pick the correct answers about Madden NFL?
By
Eminemlol
4m
30 Questions
37.6K Plays
37,642 Plays
37,642 Plays
Comments
Comments
Give Quiz Kudos
Give Quiz Kudos
-
- Ratings
hide this ad
More Info
Forced Order
Answers have to be entered in order
Answers have to be entered in order
Minefield
Wrong answers will end the quiz
Wrong answers will end the quiz
Replay
Link that replays current quiz
Next Quiz
Link to next quiz in quiz playlist
You Got
0%
They Got
Avg Score
36%
Avg Friend Score
Upgrade to see
Score Distribution
Jump to the score distribution portion of the page
Score
0/30
Timer
04:00
0
Plays Today
% Correct
???
94.9%
???
90.4%
???
81.3%
???
79.4%
???
64.7%
???
63.8%
???
55.7%
???
53.1%
???
49.6%
???
46.1%
???
44.4%
???
37%
???
36.6%
???
36.5%
???
26.2%
% Correct
???
26.1%
???
24.9%
???
24.1%
???
22.5%
???
20.9%
???
20.4%
???
19.1%
???
17.7%
???
17.6%
???
13.7%
???
7.5%
???
6.6%
???
6.4%
???
6.4%
???
6.3%
Quiz Playlist
Details
Report
Send in Message
Add To Playlist
More Info:
This game was made when Madden NFL 13 was the most recent game. I have recently retouched this game in 2018 to be less confusing.
Clickable:
Select answers by clicking on text or image buttons
Forced Order:
Answers have to be entered in order
Minefield:
Wrong answers will end the quiz
Last Updated: Dec 7, 2018
Quiz Scoreboard
CHALLENGE
Sign Up to Join the Scoreboard
Show All
Scores
Hide
Comments
May contain spoilers
Recently Published
5x2 Blitz: Bands
by SL_Kpop136
Music
30s
Colored Red Africa Blitz
by spor1
Geography
30s
Find the 'City' Movie
by crazypaving
Movies
60s
More to Explore
Quiz From the Vault
Featured Blog Post
14 Easter Pick-up Lines to Find Eggs With
hide this ad
You Might Also Like...
Tags
Football Quiz
NFL Quiz
American Football
madden
Madden Covers
Today's Top Quizzes in Gaming
Browse Gaming
hide this ad
Today's Top Quizzes in Football
Browse Football
Top Contributed Quizzes in Gaming
1
Dead By Daylight Logic Puzzle
2
Destiny 2 exotic weapons by perk icons
3
League of Legends Pro Players by Career/Team History
4
Genshin Impact Logic Puzzle Quiz II
5
Windmill: Elements
6
Minecraft Typing Challenge
7
Pokémon Spelling Bee
8
Genshin murder mystery
9
Legendary or Exotic?
10
Overwatch 2: Ultimate Ability Icons
Explore More
Trending Topics
Anime
Marvel
NBA
Crossword
Kpop
Disney
Harry Potter
Country
Song
Soccer
Pokémon
The Office
NFL
WWE
Puzzle
hide this ad
More By:
Eminemlol
Quiz
Plays
Rating
Category
Featured
Created
NFL Starting QBs (2016)
87,868
4.73
Sports
Dec 25, 2016
Super Mario Chain Game
39,689
1.25
Gaming
Feb 8, 2013
Madden NFL Chain game
37,642
1.34
Gaming
Mar 9, 2013
Super Mario Logic quiz
19,018
1.39
Gaming
Apr 4, 2013
Pokemon Logic Puzzle
15,980
2.27
Gaming
Jul 22, 2013
Go to Creator's Profile
Score Distribution
Quiz Creator Spotlight
Eminemlol
Follow
Send a Message
Quizzes Created
-
Created Quiz Play Count
-
More By This Creator
Popular Quizzes Today
1
Find the 'City' Movie
2
Colored Red Africa Blitz
3
Find the US States - No Outlines Minefield
4
5x2 Blitz: Bands
5
The Countries of the World
6
Find the US States
7
US States
8
9x9 Crossword: Cartoon Network
More Gaming Quizzes
League of Legends - World Champions
Quiz Lab
Trending Quizzes
Colored Red Europe Blitz I
Colored Red Africa Blitz II
Colored Red Europe Blitz II
Colored Red Africa Blitz III
Colored Red Europe Blitz III
Recently Updated
Famous TV Couples
Peacemaker
Champions League XIs: Real Madrid
pecheneg
Largest US Cities 1790-2010
pecheneg
Rides in Walt Disney World
pecheneg
Most Oscar Losses (Acting)
pecheneg
Beyoncé Albums
pecheneg
Leaping Animals
pecheneg
Reality TV Shows (A-Z)
bhenderson79
Rickey Henderson's Hall of Fame Teammates
pecheneg
Champions League XIs: Arsenal
pecheneg
Trending Topics
Harry Potter
Anime
Kpop
Disney
Marvel
Crossword
NBA
WWE
Country
Puzzle
Pokémon
NFL
Soccer
The Office
Song
Your Account Isn't Verified!
In order to create a playlist on Sporcle, you need to verify the email address you used during registration. Go to your
Sporcle Settings
to finish the process.
Report this User
Report this user for behavior that violates our
Community Guidelines
.
Details:
Send Report
Go to the Sporcle.com Mobile Site →
Comments